000
00203nam a2200097Ia 4500
008
170627s9999 xx 000 0 und d
100
_a
ARORA M.N
245
0
_a
COST ACCUNTING
260
_b
VIKAS
260
_c
2000
546
_a
ENGLISH
999
_c
35520
_d
35520